The Hate U Give /

Guardado en:
Detalles Bibliográficos
Autor principal: Thomas, Angie (autor)
Formato: Libro
Idioma:Inglés
Publicado: Nueva York, EUA : Balzer + Bray, 2017, c2017
Temas:
Etiquetas: Agrega una etiqueta
Sin etiquetas, Sé el primero en etiquetar este registro!

MARC

LEADER 00000nam^a2200000^a^4500
001 000407928
005 20250521000000.0
009 20260526143828.872
020 |a 978-0-06-249853-3 
037 |a Acervo ITESO - Biblioteca 
041 |a ING 
082 |a 819. 53  |b THO 
100 |a Thomas, Angie  |e (autor) 
245 1 3 |a The Hate U Give /  |c A. Thomas. 
264 4 |a Nueva York, EUA :  |b Balzer + Bray,  |c 2017, c2017 
300 |a 444 p. 
336 |a texto  |b txt  |2 rdacontenido 
337 |a sin mediación  |b n  |2 rdamedio 
338 |a volumen  |b nc  |2 rdasoporte 
521 |a FIL 2018 EEnlace Departamento de Lenguas 
649 |a XX 
650 |a Novela Norteamericana 
650 |a Novela Afroamericana -  |z EUA 
650 |a Literatura Norteamericana -  |y Siglo XXI 
650 |a Literatura Afroamericana -  |z EUA 
650 |a Literatura de Mujeres -  |z EUA 
910 |a Fondo General 
920 |a Impresos - Libros 
930 |a Colección General 
940 |a Literatura 
905 |a 101 
901 |a 0500311807  |b IT1  |c LEN  |i C162032  |u 20250521 
902 |a https://opac.biblio.iteso.mx/vufind/Record/000407928